00405nam a2200157Ia 450000100060000000300090000600500170001500800410003204000130007308200200008610000170010624500680012326000390019130000100023054600070024031062PK-LaUMT20221004172809.0140416s9999 xx 000 0 und d cPK-LaUMT aW 677.21bBAF-C aBaffes, John aCottonbmarket setting, trade policies and issuescBaffes, John aWashington,USA:bWorld Bank,c2004 a76 p. aEN